00760 2200253 4500001002100000005001700021008004100038035002400079082001100103090002100114100002300135245012800158250001800286260003400304300002100338500002900359650003900388850001500427980001300442985000600455999001500461999001500476999001500491YOGYA-0209000003341920090227024757.0 ind  0010-020900000033419 a378.16 a378.16bSur SlT aSURYABRATA, Sumadi aSeleksi calon mahasiswa barubperguruan tinggi yang sekarang dan kemungkinan untuk masa yang akan datangcSumadi Suryabrata aEd. 1. cet. 1 aYogyakartabAndi Offsetc1989 av, 26 hlmc21 cm aBibliografi : hlm. 25-26 aPerguruan tinggi - Soal ujian; dsb aYOPDYOG(B) a31-08-06 a3 a97P0103033 a97P0091316 a97P0103035